UBT Library

Nato dhe BE- Përplasje apo bashkëpunim në Fushën e Sigurisë (Record no. 45312)

000 -LEADER
fixed length control field 00307nam a22001217a 4500
008 - FIXED-LENGTH DATA ELEMENTS--GENERAL INFORMATION
fixed length control field 180419b xxu||||| |||| 00| 0 eng d
041 ## - LANGUAGE CODE
Language code of text/sound track or separate title eng
080 ## - UNIVERSAL DECIMAL CLASSIFICATION NUMBER
Universal Decimal Classification number 043.3
100 ## - Rafti
Rafti 0
101 ## - Shkurtesa
Shkurtesa SHP-BTH
245 ## - TITLE STATEMENT
Title Nato dhe BE- Përplasje apo bashkëpunim në Fushën e Sigurisë
Statement of responsibility, etc Salihu,E
942 ## - ADDED ENTRY ELEMENTS (KOHA)
Source of classification or shelving scheme
Item type Books
Holdings
Withdrawn status Lost status Source of classification or shelving scheme Damaged status Not for loan Collection code Permanent location Current location Shelving location Date acquired Total Checkouts Full call number Barcode Date last seen Price effective from Koha item type
          Koleksioni i përgjithshem UBT - Lipjan UBT - Lipjan Koleksioni i përgjithshem 04/19/2018   043.3 Salihu,E 2017 002-3002570 04/19/2018 04/19/2018 Books
          Koleksioni i përgjithshem UBT - Lipjan UBT - Lipjan Koleksioni i përgjithshem 04/19/2018   043.3 Salihu,E 2017 002-3002571 04/19/2018 04/19/2018 Books
          Koleksioni i përgjithshem UBT - Lipjan UBT - Lipjan Koleksioni i përgjithshem 04/19/2018   043.3 Salihu,E 2017 002-3002575 04/19/2018 04/19/2018 Books
          Koleksioni i përgjithshem UBT - Lipjan UBT - Lipjan Koleksioni i përgjithshem 04/19/2018   043.3 Salihu,E 2017 002-3002576 04/19/2018 04/19/2018 Books
UBT Library © 2015-2024. All rights reserved University Education for Business and Technology